| Tag |
First Indicator |
Second Indicator |
Subfields |
| LEADER |
00000cam a22000008a 4500 |
| 001 |
in00000092274 |
| 005 |
20150923132035.0 |
| 008 |
820709s1982 cau b 00010 eng |
| 010 |
|
|
|a 82010516
|
| 020 |
|
|
|a 0874772354
|
| 035 |
|
|
|a (OCoLC)08667035
|
| 035 |
|
|
|9 AAK7356AM
|
| 039 |
0 |
|
|a 2
|b 3
|c 3
|d 3
|e 3
|
| 040 |
|
|
|a DLC
|c DLC
|d TXA
|d UtOrBLW
|
| 043 |
|
|
|a n-us-il
|
| 049 |
|
|
|a TXAM
|c 1 [389141], 2 [A059876694]
|
| 050 |
0 |
0 |
|a LA2317 C62
|b A35 1982
|
| 082 |
0 |
|
|a 372.11/092/4
|2 19
|
| 100 |
1 |
|
|a Collins, Marva.
|
| 245 |
1 |
0 |
|a Marva Collins' way /
|c Marva Collins and Civia Tamarkin.
|
| 250 |
|
|
|a 1st ed.
|
| 263 |
|
|
|a 8210
|
| 264 |
|
1 |
|a Los Angeles :
|b J.P. Tarcher ;
|c [1982]
|
| 264 |
|
2 |
|a Boston :
|b Distributed by Houghton Mifflin,
|
| 264 |
|
4 |
|c ©1982
|
| 300 |
|
|
|a 228 pages ;
|c 22 cm.
|
| 336 |
|
|
|a text
|b txt
|2 rdacontent
|
| 337 |
|
|
|a unmediated
|b n
|2 rdamedia
|
| 338 |
|
|
|a volume
|b nc
|2 rdacarrier
|
| 504 |
|
|
|a Bibliography: page 215.
|
| 600 |
1 |
0 |
|a Collins, Marva.
|
| 650 |
|
0 |
|a Teachers
|z Illinois
|z Chicago
|x Biography.
|
| 700 |
1 |
|
|a Tamarkin, Civia.
|
| 999 |
|
|
|a MARS
|
| 999 |
f |
f |
|s bcee0fba-576a-3fdc-a975-d8eeb30634dc
|i 2b8ab9fb-9933-3750-88d4-c1ee9f7e643b
|t 0
|
| 952 |
f |
f |
|p normal
|a Texas A&M University
|b College Station
|c Sterling C. Evans Library
|d Evans: Library Stacks
|t 0
|e LA2317 C62 A35 1982
|h Library of Congress classification
|i unmediated -- volume
|m A14805987694
|
| 998 |
f |
f |
|a LA2317 C62 A35 1982
|t 0
|l Evans: Library Stacks
|